Представление документа в формате MARC21

Поле Инд. ПП Название Значение
Тип записи a
Библиографический уровень
001 Контрольный номер 1976b8f775e9420c91641be0b2c1af9f
005 Дата корректировки 20260122095333.6
020 c Цена, тираж 700-00
a ISBN 978-5-17-171605-9
040 b Код языка каталог. rus
e Правила каталог. PSBO
041 0_ a Код языка текста rus
084 a Индекс другой классификации/Индекс ББК 84(2=411.2)6
090 a Полочн. индекс 84(2=411.2)6
c Каталожный индекс 84(2=411.2)6
x Авторский знак А 79
097 b Оператор Сунагатуллина
100 1_ a Автор Арабов Ю. Н.
q Полное имя Арабов Юрий Николаевич
245 10 a Заглавие Чудо
b Продолж. заглавия роман
c Ответственность художник Е. Корсакова
260 a Место издания Москва
b Издательство АСТ : Редакция Елены Шубиной
c Дата издания 2025
300 a Объем 224 с.
440 _0 a Серия Новая русская классика
900 a Имя макрообъекта о1401481
900 a Имя макрообъекта о1576431
901 t Тип документа m